Focus (Record no. 80158)

MARC details
000 -LEADER
fixed length control field 01275cab a22002415a 4500
001 - CONTROL NUMBER
control field L143376
008 - FIXED-LENGTH DATA ELEMENTS--GENERAL INFORMATION
fixed length control field 080430e20080426xxk f 000 0 eng d
035 ## - SYSTEM CONTROL NUMBER
System control number (Sirsi) u143376
041 0# - LANGUAGE CODE
Language code of text/sound track or separate title eng
100 1# - MAIN ENTRY--PERSONAL NAME
Personal name Cunningham, Daniel
245 00 - TITLE STATEMENT
Title Focus
Remainder of title Bristol, Swindon and Bath
260 ## - PUBLICATION, DISTRIBUTION, ETC.
Date of publication, distribution, etc. 2008
490 ## - SERIES STATEMENT
Series statement Estates Gazette
Volume/sequential designation (0816) 26 April 2008, 107-143(16)
520 ## - SUMMARY, ETC.
Summary, etc. Examines the plethora of speculative office space due on the Bristol market by 2010, and asks whether oversupply can be avoided. Reports on a major redevelopment in the south of the city, and on hopes that a major retail scheme for Broadmead will raise Bristol's lowly retail rating. Considers whether the economic climate will stymie the growth of the city's industrial market. Questions the timing of Savilles' move into the area's market. Looks at the imminent start of Swindon's regeneration. Examines the unusual amount of development activity taking place in Bath, following the granting last year of planning permission.
590 ## - LOCAL NOTE (RLIN)
Local note KA
651 #4 - SUBJECT ADDED ENTRY--GEOGRAPHIC NAME
Geographic name South West (England)
Chronological subdivision 1994-
690 ## - LOCAL SUBJECT ADDED ENTRY--TOPICAL TERM (OCLC, RLIN)
Topical term or geographic name as entry element PROPERTY-COMMERCIAL PROPERTY-COMMERCIAL PROPERTY MARKET
700 1# - ADDED ENTRY--PERSONAL NAME
Personal name Cavanagh, Elaine
700 1# - ADDED ENTRY--PERSONAL NAME
Personal name Jack, Simon
700 1# - ADDED ENTRY--PERSONAL NAME
Personal name Clift, Patrick
700 1# - ADDED ENTRY--PERSONAL NAME
Personal name Clarkson, Melanie
942 ## - ADDED ENTRY ELEMENTS (KOHA)
Suppress in OPAC 0
Holdings
Withdrawn status Lost status Source of classification or shelving scheme Damaged status Not for loan Home library Current library Shelving location Date acquired Total Checkouts Full call number Barcode Date last seen Copy number Price effective from Koha item type
    Dewey Decimal Classification     London London Journal article 30/04/2008   L143376 143376-1001 06/08/2019 1 06/08/2019 Journal article